000 00619nam a2200205Ii 4500
003 JO-AjNU
008 230605s9999||||xx |||||||||||||| ||und||
040 _aJO-AjNU
_bara
_erda
_cJO-AjNU
041 _aara
050 1 4 _aGV885.M8 1979
100 3 _aتاليف سالم، مختار,
_eauthor
_98243
245 0 0 _aمع كرة السلة
250 _aط2
264 3 1 _aبيروت: منشورات مؤؤسسة المعارف، 1979
300 _a272ص
336 _atext
_btxt
_2rdacontent
337 _aunmediated
_bn
_2rdamedia
338 _avolume
_bnc
_2rdacarrier
650 4 _aكرة السلة - رياضة
_98244
999 _aA689
_c4257
_d4257